| 000 | 01008pam a2200277 a 4500 | ||
|---|---|---|---|
| 001 | 2487905 | ||
| 003 | OSt | ||
| 005 | 20180220112811.0 | ||
| 008 | 910807s1996 mex spa | ||
| 020 | _a968-880-685-4 | ||
| 040 |
_aDLC _cBMC _dDLC |
||
| 082 | _a658.04 | ||
| 100 | 1 |
_98358 _aStoner, James Arthur Finch |
|
| 245 | 1 | 0 |
_aAdministración _cJames A. F. Stoner, R. Edward Freeman, Daniel R. Gilbert ; traducción, Pilar Mascaró Sacristán ; revisión técnica, Gustavo Palafox de Anda |
| 250 | _a6ª ed | ||
| 260 |
_aNaucalpan de Juárez (México) [etc.] _bPrentice-Hall Hispanoamericana _ccop. 1996 |
||
| 300 |
_aXXVII, 688, [72] p. _bil. _c27 cm |
||
| 500 | _aIncluye índices | ||
| 594 | _1Traducido de la 6ª ed. en inglés de: Management | ||
| 650 | 2 | 4 |
_93341 _aGestión de empresas |
| 700 | 1 |
_aFreeman, R. Edward _98359 |
|
| 700 | 1 |
_aMascaró Sacristán, Pilar _96059 |
|
| 700 | 1 |
_98363 _aGilbert, Daniel R. |
|
| 700 | 1 |
_98364 _aPalafox de Anda, Gustavo |
|
| 942 |
_2ddc _cBK _hprozim |
||
| 999 |
_c3626 _d3626 |
||